| 000 | 00568nam a2200181 a 4500 | ||
|---|---|---|---|
| 005 | 20260217062534.0 | ||
| 008 | 030902s2000 mx r 000 0 spa d | ||
| 020 | _a9688594067 | ||
| 035 | _aUPN01000128377 | ||
| 049 | _aCG | ||
| 050 | 4 |
_aJF801 _bC4.8 |
|
| 245 | 0 | 0 |
_aCiudadanía en movimiento / _ccoord. Vicente Arredondo Ramírez. |
| 260 |
_aMéxico : _bUniversidad Iberoamericana : _bFundación Demos, _c2000. |
||
| 650 | 4 |
_aCiudadanía _97037 |
|
| 650 | 4 |
_aDerechos humanos _95797 |
|
| 700 | 1 |
_aArredondo Ramírez, Vicente, _d1947- _ecoord. _931529 |
|
| 905 | _aLibro | ||
| 999 |
_c100556 _d100556 |
||